000 00787nam a2200253Ia 4500
003 OSt
005 20220927105018.0
006 a|||||r|||| 00| 0
007 ta
008 220926b |||||||| |||| 00| 0 eng d
024 _a169335
037 _cReference Collections
040 _aRTL
_cRTL
_beng
041 _2eng
_aeng
082 _a"X:9m73, N73, L3.96-7"
100 _a"Morton, Herberte. Ed."
_9369363
110 _aUnited states department of labour
_9369364
245 0 _aMonthly Labour Review
260 _aU.S.
_bUnited states department of labour
_c1973
300 _a109p.
_ccm.
700 _aUnited states department of labour
_9369365
942 _h"X:9m73, N73, L3.96-7"
_cCC
999 _c690187
_d690187